00973nas a2200229 4545000010006000000050017000060080037000230030015000600400040000750800031001152450033001460220014001792640061001933100024002545050223002781000043005017000029005446500016005736500013005896500027006028560114006292546120260407193506.0260407s1980####ag###########|||spa#dAR-UNSa-BCEJYS aAR-UNSa-BCEJYSbspacAR-UNSa-BCEJYS a330xEconomía en general10aInterpretación económica a0326-100X 1aBuenos Aires :bUniversidad Católica de la Platac1980 aFrecuencia: Mensual aCambia de Director a partir del Año 3, Nº 28 por Luis Jorge Novaro Cambia de Director a partir del Año 3, Nº 35 por Ramón Germán Pajón Cambia de Director a partir del Año 4, Nº 48 por Nicolás Argentato1 aAsociación de Economistas Argentinos1 aRacero Borghetti, Rafael aInflación aECONOMIA aECONOMIA INTERNACIONAL41uhttps://biblioeco.unsa.edu.ar/pmb/images/revistas/Interpretacion Economica.jpgyImagen de portadaqimage/jpeg